000 00397 a2200169 4500
001 182698
020 _a85-08-06409-8
040 _cMagnum
100 _aGonzaga, Tomás Antônio
240 1 0 _aMarília de Dirceu e cartas chilenas
_lpor
245 1 0 _aMarília de Dirceu e cartas chilenas
300 _a176
362 0 _a2001
440 1 _aÁtica
697 _aLITERATURA GERAL
942 _cBK
999 _c182698
_d182698